MARC

LEADER 00000nam0a2200000 4500
001 365901
005 20231102011829.0
035 |a (RuTPU)RU\TPU\retro\23264 
090 |a 365901 
100 |a 20220125d1979 km y0rusy50 ca 
101 0 |a rus 
102 |a RU 
105 |a a z 001zd 
200 1 |a Польские художники реалисты. Творчество ''Группы реалистов'  |f Л. Н. Уразова 
210 |a Москва  |c Изобразительное искусство  |d 1979 
215 |a 240 с.  |c ил. 
320 |a Библиогр.: с. 233-234 
606 1 |a Искусство, современные направления  |x История  |z 19 в.  |z 20 в.  |2 stltpush  |3 (RuTPU)RU\TPU\subj\73445  |9 86446 
610 1 |a изобразительное искусство 
610 1 |a Польша 
610 1 |a 20 век 
610 1 |a реализм 
610 1 |a художественные организации 
610 1 |a выставки 
610 1 |a художники 
675 |a 7.036  |v 4 
700 1 |a Уразова  |b Л. Н.  |g Людмила Николаевна 
801 1 |a RU  |b 63413507  |c 20220125 
942 |c BK